000 00466nam a2200169 i 4500
001 82326
003 ES-MaACL
005 20230906174644.0
007 t|
008 041108s1920 sp ||||1| spa d
100 1 _aInfante, J. Daniel.
_965254
245 1 0 _a¡¡Por España!!
_b: reflexiones de un reexpatriado /
_cJ. Daniel Infante.
260 _aMadrid :
_bReus,
_c1920.
300 _a204 p. ;
_c23 cm.
852 _aES-MaACL
_jF-5501
852 _aES-MaACL
_jD-398
999 _c82326
_d82326